[Event "MCRE_SF05"]
[Site "?"]
[Date "2005.??.??"]
[Round "?"]
[White "Kotrc, Michal"]
[Black "Postl, Rostislav"]
[Result "0-1"]
[WhiteElo "2131"]
[BlackElo "2284"]
[PlyCount "96"]
[EventDate "2005.??.??"]
[EventType "corr"]
[EventRounds "2"]
[SourceDate "2007.01.10"]

1. e4 e5 2. Nf3 Nc6 3. Bb5 a6 4. Ba4 Nf6 5. O-O Be7 6. Re1 b5 7. Bb3 d6 8. c3
O-O 9. h3 Na5 10. Bc2 c5 11. d4 Qc7 12. Nbd2 cxd4 13. cxd4 Bb7 14. d5 Rac8 15.
Bb1 Nh5 16. Nf1 Nf4 17. Kh2 Qd7 18. Ng1 Nc4 19. g3 Ng6 20. b3 Nb6 21. Ne3 Bd8
22. Ne2 f5 23. exf5 Ne7 24. Be4 Nxf5 25. Nxf5 Rxf5 26. Be3 Rf6 27. Qd3 Qf7 28.
Rad1 Kh8 29. f4 Nd7 30. Rc1 Rxc1 31. Rxc1 Bb6 32. Bxb6 Nxb6 33. fxe5 dxe5 34.
Nc3 b4 35. Na4 Nxa4 36. bxa4 g6 37. Qc4 h5 38. h4 Rf2+ 39. Kg1 Rd2 40. Qc5 Rd4
41. Rf1 Qg7 42. Rf8+ Kh7 43. Re8 Rd1+ 44. Kg2 Rd2+ 45. Kf1 Qf7+ 46. Ke1 Qxe8
47. Qe7+ Qxe7 48. Kxd2 b3 0-1

[Event "MCRE_SF05"]
[Site "?"]
[Date "2005.??.??"]
[Round "?"]
[White "Bares, Jiri"]
[Black "Svrsek, Radomir"]
[Result "1-0"]
[WhiteElo "2174"]
[BlackElo "2211"]
[PlyCount "97"]
[EventDate "2005.??.??"]
[EventType "corr"]
[EventRounds "2"]
[SourceDate "2007.01.10"]

1. d4 Nf6 2. c4 e6 3. Nf3 d5 4. Nc3 c6 5. Bg5 dxc4 6. e4 b5 7. e5 h6 8. Bh4 g5
9. Nxg5 hxg5 10. Bxg5 Nbd7 11. exf6 Bb7 12. g3 Nxf6 13. Bg2 Be7 14. h4 Nd5 15.
Bxe7 Qxe7 16. Nxd5 cxd5 17. Qd2 b4 18. a3 b3 19. Rc1 O-O-O 20. f4 Rdg8 21. Rc3
Qf6 22. Kf2 Qg6 23. Qe2 Rh5 24. Qf3 Ba6 25. Rhc1 Kd8 26. Re3 Rf5 27. Bh3 Rf6
28. Re5 Qg7 29. h5 Qh6 30. Bf1 Re8 31. Qc3 Kd7 32. Be2 Bb5 33. Bf3 a6 34. Qa5
Rc8 35. a4 Bc6 36. Qxa6 Ra8 37. Qb6 Rxa4 38. Rce1 Qh8 39. Bxd5 Qa8 40. Bxc6+
Qxc6 41. Qb8 Ra8 42. Qb4 Ra4 43. Qc3 Qb6 44. Rc5 Qb4 45. Qe3 Qb8 46. d5 Qb6 47.
Kg2 Ra6 48. Qd4 Ke7 49. Qxc4 1-0

[Event "MCRE_SF05"]
[Site "?"]
[Date "2005.??.??"]
[Round "?"]
[White "Kotrc, Michal"]
[Black "Thoma, Otomar"]
[Result "1/2-1/2"]
[WhiteElo "2131"]
[BlackElo "2272"]
[PlyCount "74"]
[EventDate "2005.??.??"]
[EventType "corr"]
[EventRounds "2"]
[SourceDate "2007.01.10"]

1. e4 e5 2. Nf3 Nc6 3. Bb5 a6 4. Ba4 Nf6 5. O-O Be7 6. Re1 b5 7. Bb3 d6 8. c3
O-O 9. h3 Na5 10. Bc2 c5 11. d4 Qc7 12. Nbd2 Bd7 13. Nf1 cxd4 14. cxd4 Rac8 15.
Ne3 Nc6 16. d5 Nb4 17. Bb1 a5 18. a3 Na6 19. b4 h6 20. Bd2 a4 21. Bd3 Qb6 22.
Qe2 Rc7 23. Rac1 Rfc8 24. Nh4 Rxc1 25. Rxc1 Rxc1+ 26. Bxc1 Bf8 27. Nhf5 g6 28.
Ng3 h5 29. Nc2 Nc7 30. Ne1 Bg7 31. Be3 Qb8 32. Qc2 Qc8 33. Qc1 Nfe8 34. Nf3 Kh7
35. Bg5 Nf6 36. Ne2 Qb7 37. Qc2 Kh8 1/2-1/2

[Event "MCRE_SF05"]
[Site "?"]
[Date "2005.??.??"]
[Round "?"]
[White "Thoma, Otomar"]
[Black "Kotrc, Michal"]
[Result "1/2-1/2"]
[WhiteElo "2272"]
[BlackElo "2131"]
[PlyCount "78"]
[EventDate "2005.??.??"]
[EventType "corr"]
[EventRounds "2"]
[SourceDate "2007.01.10"]

1. e4 c6 2. d4 d5 3. e5 Bf5 4. Nf3 e6 5. Be2 Ne7 6. O-O h6 7. b3 c5 8. c4 dxc4
9. Bxc4 cxd4 10. Nxd4 Nbc6 11. Bb5 Qd5 12. Nxf5 Nxf5 13. Qxd5 exd5 14. Bb2 a6
15. Bd3 Nfd4 16. Nc3 Rd8 17. Rad1 Bc5 18. Rfe1 Bb4 19. f4 g5 20. f5 O-O 21. a3
Bc5 22. Kh1 Nxb3 23. e6 fxe6 24. Rxe6 Bd4 25. Rg6+ Kf7 26. Rxh6 Ne5 27. Be2 Kg7
28. Rh3 Rh8 29. Rg3 Nc4 30. Na4 Nxb2 31. Nxb2 Nc1 32. Rxc1 Bxb2 33. Rb1 Rc8 34.
Rb3 Rc1+ 35. Rxc1 Bxc1 36. Rxb7+ Kf6 37. g4 Bxa3 38. Bxa6 Bd6 39. Rb6 Ke7
1/2-1/2

[Event "MCRE_SF05"]
[Site "?"]
[Date "2005.??.??"]
[Round "?"]
[White "Bares, Jiri"]
[Black "Thoma, Otomar"]
[Result "1-0"]
[WhiteElo "2174"]
[BlackElo "2272"]
[PlyCount "99"]
[EventDate "2005.??.??"]
[EventType "corr"]
[EventRounds "2"]
[SourceDate "2007.01.10"]

1. d4 Nf6 2. c4 e6 3. Nf3 d5 4. Nc3 Bb4 5. cxd5 exd5 6. Bg5 O-O 7. Qb3 c5 8.
dxc5 Nc6 9. a3 Bxc5 10. e3 Bb6 11. Bxf6 Qxf6 12. Qxd5 Rd8 13. Qg5 Qxg5 14. Nxg5
h6 15. Nf3 Be6 16. Be2 Rac8 17. O-O a6 18. Rfd1 Bb3 19. Rxd8+ Rxd8 20. Rc1 f5
21. Bd1 Bxd1 22. Nxd1 Kf7 23. h4 g6 24. Nc3 Kf6 25. Kf1 g5 26. Ke2 g4 27. Ne1
Ne5 28. Na4 Ba7 29. Nc5 Bxc5 30. Rxc5 Rd7 31. f4 gxf3+ 32. gxf3 Rg7 33. Rc8 h5
34. Rf8+ Rf7 35. Rh8 Rd7 36. Rh6+ Kg7 37. Re6 Nc4 38. Nd3 Rc7 39. b3 Nxa3 40.
Nf4 Nb5 41. Nxh5+ Kg8 42. Nf4 Rc2+ 43. Ke1 Rh2 44. h5 Na3 45. Kd1 Nb1 46. Re8+
Kf7 47. Re5 Nc3+ 48. Ke1 Rb2 49. Rxf5+ Kg7 50. Ne6+ 1-0

[Event "MCRE_SF05"]
[Site "?"]
[Date "2005.??.??"]
[Round "?"]
[White "Bultman, Milan"]
[Black "Svrsek, Radomir"]
[Result "1-0"]
[WhiteElo "2141"]
[BlackElo "2211"]
[PlyCount "101"]
[EventDate "2005.??.??"]
[EventType "corr"]
[EventRounds "2"]
[SourceDate "2007.01.10"]

1. e4 e5 2. Nf3 Nc6 3. Bb5 a6 4. Bxc6 dxc6 5. O-O Qf6 6. d4 exd4 7. Qxd4 Bg4 8.
Bg5 Qxd4 9. Nxd4 h6 10. Be3 c5 11. Nb3 b6 12. Nc3 Be6 13. Rad1 Nf6 14. Bf4 Ra7
15. Nc1 Be7 16. Nd3 g5 17. Bd2 c6 18. Ne5 Rc7 19. f4 Nd7 20. Nd3 f6 21. h3 Rc8
22. a4 c4 23. Nc1 b5 24. N3e2 Nc5 25. Nd4 Bg8 26. axb5 cxb5 27. Bb4 Bh7 28. f5
Kf7 29. Rfe1 Rhe8 30. Na2 a5 31. Bxa5 Ra8 32. Nc6 Rxa5 33. Nxa5 Ra8 34. Nc6
Rxa2 35. Nxe7 Kxe7 36. e5 Ra7 37. g4 Rc7 38. e6 h5 39. Ra1 Na4 40. b3 Nb6 41.
Ra5 Nc8 42. Rxb5 Nd6 43. Ra5 cxb3 44. cxb3 Nc8 45. Ra8 Kd6 46. Re2 Ke7 47. Kh2
Kd6 48. b4 Ke7 49. b5 hxg4 50. hxg4 Bg8 51. b6 1-0

[Event "MCRE_SF05"]
[Site "?"]
[Date "2005.??.??"]
[Round "?"]
[White "Thoma, Otomar"]
[Black "Majstr, Jiri"]
[Result "1/2-1/2"]
[WhiteElo "2272"]
[BlackElo "2010"]
[PlyCount "104"]
[EventDate "2005.??.??"]
[EventType "corr"]
[EventRounds "2"]
[SourceDate "2007.01.10"]

1. e4 c5 2. Nf3 e6 3. d4 cxd4 4. Nxd4 Nf6 5. Nc3 d6 6. Be3 a6 7. Be2 Be7 8. O-O
O-O 9. f4 Nc6 10. Qe1 Qc7 11. Qg3 Nxd4 12. Bxd4 b5 13. a3 Bb7 14. Rae1 Bc6 15.
Bd3 Rae8 16. e5 Nh5 17. Qh3 g6 18. Ne4 Bxe4 19. Bxe4 dxe5 20. fxe5 Bc5 21. Bxc5
Qxc5+ 22. Kh1 f5 23. exf6 Nxf6 24. Bd3 e5 25. Qh4 Kg7 26. c3 h6 27. Qg3 e4 28.
Bc2 a5 29. b4 axb4 30. axb4 Qe5 31. Rf3 Qxg3 32. Rxg3 Rf7 33. h3 g5 34. Rge3
Rc7 35. Kg1 h5 36. Kf2 Rf7 37. Kg1 h4 38. g3 hxg3 39. Rxg3 Kh6 40. Rf1 Re5 41.
Bb3 Rf8 42. c4 e3 43. Rgf3 e2 44. Re1 bxc4 45. Bxc4 Re4 46. Bxe2 Rxb4 47. Ref1
Rb6 48. Kg2 Kg6 49. Bd3+ Kg7 50. Rf5 Kh6 51. R1f2 Rd6 52. R2f3 Re6 1/2-1/2

[Event "MCRE_SF05"]
[Site "?"]
[Date "2005.??.??"]
[Round "?"]
[White "Splichal, Josef"]
[Black "Bultman, Milan"]
[Result "0-1"]
[WhiteElo "2261"]
[BlackElo "2141"]
[PlyCount "86"]
[EventDate "2005.??.??"]
[EventType "corr"]
[EventRounds "2"]
[SourceDate "2007.01.10"]

1. e4 c5 2. c3 d5 3. exd5 Qxd5 4. Nf3 Nc6 5. d4 Bg4 6. Be2 cxd4 7. cxd4 e6 8.
Nc3 Qa5 9. O-O Nf6 10. Bf4 Bb4 11. Ne5 Bxe2 12. Nxe2 O-O 13. a3 Be7 14. Nxc6
bxc6 15. Qc2 Rfc8 16. b4 Qd8 17. Rfb1 a5 18. Bd2 Qd7 19. bxa5 c5 20. a6 Rxa6
21. Qb2 Nd5 22. dxc5 Bf6 23. Bc3 Nxc3 24. Nxc3 Qd3 25. Qb7 Raa8 26. Rb3 Qc2 27.
Qb4 Bd4 28. Qxd4 Qxb3 29. h3 Rxa3 30. Rxa3 Qxa3 31. Ne4 Qc1+ 32. Kh2 h6 33. Qd6
Ra8 34. Qg3 Qb2 35. c6 Qd4 36. Nd6 Qc5 37. Ne4 Qxc6 38. Nf6+ Kh8 39. Nh5 Rg8
40. Qf4 Qb7 41. Ng3 Rc8 42. Qd4 Qb8 43. Qd2 Rc4 0-1

[Event "MCRE_SF05"]
[Site "?"]
[Date "2005.??.??"]
[Round "?"]
[White "Bares, Jiri"]
[Black "Splichal, Josef"]
[Result "1-0"]
[WhiteElo "2174"]
[BlackElo "2261"]
[PlyCount "107"]
[EventDate "2005.??.??"]
[EventType "corr"]
[EventRounds "2"]
[SourceDate "2007.01.10"]

1. d4 d5 2. c4 e6 3. Nc3 Nf6 4. cxd5 exd5 5. Bg5 c6 6. e3 Bd6 7. Bd3 O-O 8. Qc2
h6 9. Bh4 Re8 10. Nf3 Bg4 11. h3 Be6 12. Ne5 Nbd7 13. f4 Nf8 14. g4 Be7 15. f5
Bc8 16. g5 hxg5 17. Bxg5 N6d7 18. Bxe7 Qxe7 19. Ng4 Qh4+ 20. Kd2 a5 21. Rag1
Nh7 22. Kc1 a4 23. Nxa4 b5 24. Nc3 b4 25. Na4 Ba6 26. Bxa6 Rxa6 27. b3 Ng5 28.
Qg2 Ra7 29. Kb2 Ne4 30. Ne5 Qh6 31. Ng4 Qh4 32. Ka1 Kf8 33. Rc1 Qh7 34. Rhf1
Rc8 35. Rf4 Qh8 36. Nf2 Ndf6 37. Nd3 Qh6 38. Nxb4 Rcc7 39. Rxc6 Rxc6 40. Nxc6
Rc7 41. Ne5 Nh5 42. Rxe4 dxe4 43. Qxe4 Nf6 44. Qf3 Qh4 45. Kb2 Qe1 46. Nc4 Rc8
47. Nc5 Kg8 48. a4 Rd8 49. Nd3 Qg1 50. Nf4 Qe1 51. a5 Rb8 52. Nd3 Qg1 53. b4
Rc8 54. Nde5 1-0

[Event "MCRE_SF05"]
[Site "?"]
[Date "2005.??.??"]
[Round "?"]
[White "Majstr, Jiri"]
[Black "Thoma, Otomar"]
[Result "1/2-1/2"]
[WhiteElo "2010"]
[BlackElo "2272"]
[PlyCount "111"]
[EventDate "2005.??.??"]
[EventType "corr"]
[EventRounds "2"]
[SourceDate "2007.01.10"]

1. d4 Nf6 2. Nf3 e6 3. Bg5 h6 4. Bh4 c5 5. c3 b6 6. e3 Bb7 7. Nbd2 Be7 8. Bd3
O-O 9. O-O Nc6 10. Qe2 cxd4 11. exd4 Nh5 12. Bg3 f5 13. Ne5 f4 14. Qxh5 Nxe5
15. dxe5 Qe8 16. Qg4 fxg3 17. fxg3 h5 18. Qh3 Rc8 19. Rxf8+ Bxf8 20. Re1 Bc5+
21. Kh1 g5 22. g4 h4 23. Rf1 Qd8 24. Bb1 a5 25. Rf6 Be7 26. Rg6+ Kf7 27. Qd3
Qh8 28. Qf1+ Ke8 29. Be4 Bxe4 30. Nxe4 Qh7 31. Rxg5 Bxg5 32. Nd6+ Ke7 33. Nxc8+
Kd8 34. Nxb6 h3 35. Nc4 Be7 36. Nd6 Qc2 37. gxh3 Qxb2 38. Ne4 Qc2 39. Qc4 Bh4
40. a4 Qd1+ 41. Kg2 Qc2+ 42. Kf3 Qxh2 43. Ke3 Qxh3+ 44. Kd4 Qxg4 45. Kc5 Qf4
46. Qd4 Be1 47. Kc4 Qf1+ 48. Kb3 Bh4 49. Nc5 Qb1+ 50. Kc4 Qf1+ 51. Nd3 Be7 52.
Qb6+ Ke8 53. Qxa5 Qf3 54. Qb5 Qg4+ 55. Kb3 Qd1+ 56. Kb2 1/2-1/2

[Event "MCRE_SF05"]
[Site "?"]
[Date "2005.??.??"]
[Round "?"]
[White "Postl, Rostislav"]
[Black "Kotrc, Michal"]
[Result "1-0"]
[WhiteElo "2284"]
[BlackElo "2131"]
[PlyCount "127"]
[EventDate "2005.??.??"]
[EventType "corr"]
[EventRounds "2"]
[SourceDate "2007.01.10"]

1. d4 Nf6 2. c4 e6 3. Nf3 b6 4. Nc3 Bb7 5. a3 d5 6. Bg5 Be7 7. e3 O-O 8. Bd3
Nbd7 9. O-O c5 10. Qe2 dxc4 11. Bxc4 Ne4 12. Nxe4 Bxe4 13. Bf4 cxd4 14. Rad1
Bxf3 15. Qxf3 e5 16. Bg3 Bf6 17. exd4 exd4 18. Qd5 Rc8 19. Bd6 Ne5 20. Bb3 Re8
21. Rxd4 b5 22. Qb7 Nc4 23. Be5 Qe7 24. Qxe7 Bxe7 25. Bxc4 bxc4 26. Rfd1 f6 27.
Bd6 Bd8 28. Bb4 Bb6 29. R4d2 Rcd8 30. g3 Rxd2 31. Rxd2 Rd8 32. Rc2 a5 33. Bd2
Kf7 34. Kg2 Ke6 35. Bc3 a4 36. Re2+ Kd5 37. Re7 Rg8 38. Rb7 Kc6 39. Rf7 Kd5 40.
h4 h5 41. f3 Ke6 42. Rb7 Bc5 43. g4 hxg4 44. fxg4 Kd5 45. Rb5 Kc6 46. Ra5 Rd8
47. h5 Bd4 48. Rxa4 Kc5 49. Ra7 Bxc3 50. bxc3 Rd2+ 51. Kg3 Rd3+ 52. Kf4 Rxc3
53. Rxg7 Rxa3 54. Kf5 Kd6 55. Rg8 Kd7 56. h6 Rh3 57. Kg6 c3 58. Rg7+ Kd8 59.
Ra7 c2 60. Ra1 Rh4 61. h7 Kd7 62. g5 fxg5 63. Rc1 Rh2 64. Kg7 1-0

[Event "MCRE_SF05"]
[Site "?"]
[Date "2005.??.??"]
[Round "?"]
[White "Splichal, Josef"]
[Black "Postl, Rostislav"]
[Result "0-1"]
[WhiteElo "2261"]
[BlackElo "2284"]
[PlyCount "94"]
[EventDate "2005.??.??"]
[EventType "corr"]
[EventRounds "2"]
[SourceDate "2007.01.10"]

1. e4 e5 2. Nf3 Nc6 3. Bb5 a6 4. Ba4 Nf6 5. O-O Be7 6. Re1 b5 7. Bb3 d6 8. c3
O-O 9. h3 Na5 10. Bc2 c5 11. d4 Qc7 12. Nbd2 cxd4 13. cxd4 Bb7 14. d5 Rac8 15.
Bd3 Nd7 16. Nf1 f5 17. Ng3 f4 18. Nf5 Rxf5 19. exf5 Nf6 20. Ng5 Qd7 21. Be4
Nxe4 22. Nxe4 Rc4 23. b3 Rd4 24. Qc2 Rxd5 25. Ba3 Nc6 26. f6 gxf6 27. Nc3 Rd4
28. Ne2 Bf8 29. Kh2 b4 30. Bb2 Rd5 31. Rg1 Kh8 32. Rgc1 Ra5 33. Ng1 d5 34. Nf3
Bd6 35. Kg1 Ne7 36. Qd1 Qe8 37. Nh4 d4 38. Qe2 Qg8 39. Qh5 Bc5 40. Kf1 Nd5 41.
Qf5 Bc8 42. Qh5 Bd7 43. Rc2 Nc3 44. Qf3 Be7 45. Qb7 Qd5 46. Qb8+ Kg7 47. Qa7 e4
0-1

[Event "MCRE_SF05"]
[Site "?"]
[Date "2005.??.??"]
[Round "?"]
[White "Postl, Rostislav"]
[Black "Splichal, Josef"]
[Result "1-0"]
[WhiteElo "2284"]
[BlackElo "2261"]
[PlyCount "89"]
[EventDate "2005.??.??"]
[EventType "corr"]
[EventRounds "2"]
[SourceDate "2007.01.10"]

1. d4 Nf6 2. c4 c5 3. d5 e6 4. Nc3 exd5 5. cxd5 d6 6. Nf3 g6 7. e4 Bg7 8. Bg5
O-O 9. Be2 a6 10. a4 h6 11. Bc1 Re8 12. Nd2 Nbd7 13. O-O Ne5 14. a5 Bd7 15.
Ndb1 b5 16. axb6 Qxb6 17. Na3 g5 18. Qc2 Rac8 19. f4 c4+ 20. Kh1 gxf4 21. Bxf4
Nfg4 22. Bxg4 Nxg4 23. h3 Ne5 24. Qd2 Kh7 25. Nc2 Re7 26. Be3 Qb7 27. Bd4 Rb8
28. Ne2 Rg8 29. Ne3 Bh8 30. Bxe5 Bxe5 31. Nxc4 Bb5 32. Nxe5 Rxe5 33. Rf4 Reg5
34. g4 Bxe2 35. Qxe2 h5 36. Rxa6 R8g6 37. Qf1 Kg8 38. Rc6 hxg4 39. Qc1 Qb3 40.
Rc8+ Kh7 41. Rc3 Qb4 42. Rxf7+ Rg7 43. Rf4 R5g6 44. hxg4 Rh6+ 45. Kg2 1-0

[Event "MCRE_SF05"]
[Site "?"]
[Date "2005.??.??"]
[Round "?"]
[White "Svrsek, Radomir"]
[Black "Kotrc, Michal"]
[Result "1-0"]
[WhiteElo "2211"]
[BlackElo "2131"]
[PlyCount "97"]
[EventDate "2005.??.??"]
[EventType "corr"]
[EventRounds "2"]
[SourceDate "2007.01.10"]

1. e4 c6 2. d4 d5 3. e5 Bf5 4. Nf3 e6 5. c3 Qb6 6. Nh4 Bxb1 7. Rxb1 c5 8. Be3
Nc6 9. Nf3 a6 10. Qa4 c4 11. Be2 Qc7 12. O-O b5 13. Qc2 Nge7 14. b3 Nf5 15.
bxc4 bxc4 16. Bc1 Be7 17. g4 Nh4 18. Nxh4 Bxh4 19. f4 Be7 20. f5 Rb8 21. Rxb8+
Qxb8 22. g5 g6 23. fxe6 fxe6 24. Bg4 Nd8 25. Kg2 Qb5 26. h4 Kd7 27. Rh1 Rg8 28.
h5 Rg7 29. hxg6 hxg6 30. Rh6 Qa5 31. a4 Bf8 32. Bd2 Rg8 33. Rxg6 Rxg6 34. Qxg6
Qxa4 35. Qh7+ Kc8 36. Be1 Qa1 37. Bf2 Qxc3 38. Qg8 Qb4 39. Bxe6+ Nxe6 40. Qxe6+
Kc7 41. Qxa6 c3 42. Qa7+ Kc6 43. Qa8+ Kc7 44. Qxd5 c2 45. Qf7+ Qe7 46. Qc4+ Kd8
47. Qxc2 Qxg5+ 48. Bg3 Bb4 49. Qe4 1-0

[Event "MCRE_SF05"]
[Site "?"]
[Date "2005.??.??"]
[Round "?"]
[White "Svrsek, Radomir"]
[Black "Bultman, Milan"]
[Result "0-1"]
[WhiteElo "2211"]
[BlackElo "2141"]
[PlyCount "122"]
[EventDate "2005.??.??"]
[EventType "corr"]
[EventRounds "2"]
[SourceDate "2007.01.10"]

1. d4 Nf6 2. c4 g6 3. Nc3 Bg7 4. e4 d6 5. Nf3 c5 6. Be2 cxd4 7. Nxd4 Nc6 8. Be3
O-O 9. O-O Bd7 10. f4 Re8 11. Rc1 Rc8 12. Bf3 Nxd4 13. Bxd4 Bh6 14. Bxf6 exf6
15. Nd5 Be6 16. g3 Bg7 17. Qb3 f5 18. exf5 Bxf5 19. Qb4 Be4 20. b3 Bxf3 21.
Rxf3 Re2 22. Rd1 Qd7 23. f5 Rce8 24. a4 gxf5 25. Rf2 b6 26. Rd3 R8e4 27. Rxe2
Rxe2 28. Nf4 Rb2 29. Qe1 Kf8 30. Qe3 Qc8 31. Rd2 Qc5 32. Qxc5 dxc5 33. Rxb2
Bxb2 34. Nd5 Ke8 35. Kg2 Bc1 36. Kf3 Kd7 37. Ke2 Kd6 38. Kd1 Bg5 39. Ke2 Ke5
40. h4 Bh6 41. Nc3 Bg7 42. Ke3 a6 43. Nd5 b5 44. Kd3 bxa4 45. bxa4 Bh6 46. Nb6
Bc1 47. Nd7+ Kd6 48. Nf6 h6 49. Ne8+ Ke5 50. a5 f4 51. gxf4+ Bxf4 52. Nc7 Kf5
53. Nd5 h5 54. Ke2 Bg3 55. Kf3 Bxh4 56. Nf4 Be1 57. Nxh5 Ke5 58. Ke2 Bxa5 59.
Kd3 Be1 60. Ke2 Bh4 61. Kd3 f5 0-1

[Event "MCRE_SF05"]
[Site "?"]
[Date "2005.??.??"]
[Round "?"]
[White "Majstr, Jiri"]
[Black "Svrsek, Radomir"]
[Result "1/2-1/2"]
[WhiteElo "2010"]
[BlackElo "2211"]
[PlyCount "114"]
[EventDate "2005.??.??"]
[EventType "corr"]
[EventRounds "2"]
[SourceDate "2007.01.10"]

1. e4 e5 2. Nf3 Nc6 3. d4 exd4 4. Nxd4 Bc5 5. Nxc6 Qf6 6. Qd2 dxc6 7. Nc3 Be6
8. Qf4 O-O-O 9. Bd3 Qxf4 10. Bxf4 Nf6 11. f3 Nd7 12. O-O-O f6 13. Na4 Bd6 14.
Be3 a6 15. f4 Rhe8 16. Nc3 b5 17. a3 a5 18. Be2 b4 19. axb4 axb4 20. Nb1 Bd5
21. exd5 Rxe3 22. Ba6+ Kb8 23. g3 Nc5 24. Bc4 cxd5 25. Bxd5 h5 26. Rd4 Kc8 27.
Rhd1 g5 28. Nd2 Re2 29. h4 gxh4 30. gxh4 Rf2 31. Nf3 b3 32. cxb3 c6 33. Bf7 Kc7
34. b4 Na4 35. Nd2 Bxf4 36. Rxd8 Kxd8 37. Kc2 Rh2 38. Bxh5 Nb6 39. Bf7 Ke7 40.
Bb3 Nd7 41. Kc3 Rh3+ 42. Kc2 Bxd2 43. Rxd2 Rxh4 44. Kc3 Ne5 45. Rd4 Rh3+ 46.
Kc2 Nf3 47. Rf4 Ne1+ 48. Kd2 Rxb3 49. Kxe1 Rxb2 50. Kd1 Ke6 51. Rc4 Kd6 52. Rf4
Ke5 53. Rc4 f5 54. Rxc6 Rxb4 55. Ke2 Kf4 56. Rc3 Rb2+ 57. Kf1 Kg4 1/2-1/2

[Event "MCRE_SF05"]
[Site "?"]
[Date "2005.??.??"]
[Round "?"]
[White "Kotrc, Michal"]
[Black "Majstr, Jiri"]
[Result "1-0"]
[WhiteElo "2131"]
[BlackElo "2010"]
[PlyCount "28"]
[EventDate "2005.??.??"]
[EventType "corr"]
[EventRounds "2"]
[SourceDate "2007.01.10"]

1. e4 e5 2. Nf3 Nf6 3. Nc3 Nc6 4. Bb5 Nd4 5. Ba4 c6 6. Nxe5 d6 7. Nd3 b5 8. Bb3
a5 9. a3 d5 10. e5 Ne4 11. O-O Nc5 12. Nxc5 Bxc5 13. Kh1 O-O 14. Ne2 Qh4 1-0

[Event "MCRE_SF05"]
[Site "?"]
[Date "2005.??.??"]
[Round "?"]
[White "Bultman, Milan"]
[Black "Bares, Jiri"]
[Result "1-0"]
[WhiteElo "2141"]
[BlackElo "2174"]
[PlyCount "81"]
[EventDate "2005.??.??"]
[EventType "corr"]
[EventRounds "2"]
[SourceDate "2007.01.10"]

1. e4 c5 2. Nf3 d6 3. d4 cxd4 4. Nxd4 Nf6 5. Nc3 a6 6. Be2 e5 7. Nb3 Be7 8. O-O
Be6 9. Qd3 O-O 10. Nd5 Bxd5 11. exd5 Nbd7 12. a4 Rc8 13. c4 Nb6 14. Nd2 a5 15.
Qh3 Qd7 16. Qf3 Nxa4 17. b3 Nb6 18. Rxa5 Ra8 19. Rxa8 Rxa8 20. Nb1 Qd8 21. Nc3
Nfd7 22. Nb5 g6 23. b4 Ra2 24. Re1 Qa8 25. Qc3 Na4 26. Qb3 Ra1 27. Bd2 Nab6 28.
Rxa1 Qxa1+ 29. Bf1 Nf6 30. Qc2 Qa4 31. Qb1 Nbd7 32. Be2 b6 33. Bh6 Ne8 34. Be3
f5 35. Bh6 Kf7 36. g4 f4 37. g5 Ng7 38. Bd1 Qa6 39. Bg4 Nf8 40. Qd3 Ne8 41. Kg2
{(Cerny prekrocil cas)} 1-0

[Event "MCRE_SF05"]
[Site "?"]
[Date "2005.??.??"]
[Round "?"]
[White "Majstr, Jiri"]
[Black "Bares, Jiri"]
[Result "1/2-1/2"]
[WhiteElo "2010"]
[BlackElo "2174"]
[PlyCount "113"]
[EventDate "2005.??.??"]
[EventType "corr"]
[EventRounds "2"]
[SourceDate "2007.01.10"]

1. e4 c5 2. c3 Nf6 3. e5 Nd5 4. d4 cxd4 5. Qxd4 e6 6. Nf3 Nc6 7. Qe4 f5 8. exf6
Nxf6 9. Qh4 e5 10. Bg5 d5 11. Bb5 Bd6 12. c4 O-O 13. O-O a6 14. Bxc6 bxc6 15.
Nc3 e4 16. Nd4 Qb6 17. Nb3 dxc4 18. Nd2 Qxb2 19. Bxf6 Rxf6 20. Ndxe4 Rh6 21.
Qd8+ Bf8 22. Rab1 Qa3 23. Rfd1 Qe7 24. Qxe7 Bxe7 25. f3 Kf8 26. h3 Be6 27. Kf2
a5 28. Rb6 Rc8 29. Ra6 Bb4 30. a3 Bxa3 31. Rxa5 Be7 32. Ra6 Bf7 33. Rd7 Re6 34.
Ra4 Re5 35. Raa7 Rd8 36. Rdb7 Bd5 37. Kg3 g6 38. Kf4 Rf5+ 39. Ke3 Re8 40. Kd2
Re5 41. Kc2 h6 42. Rd7 Rb8 43. g3 g5 44. g4 Re8 45. Nxd5 cxd5 46. Nc3 d4 47.
Ne4 Rd8 48. Rac7 c3 49. Kd3 Rxd7 50. Rxd7 Bc5 51. Rc7 Bb6 52. Rc6 Rb5 53. Rxh6
Rb2 54. Rg6 Kf7 55. Rxg5 c2 56. Rf5+ Kg7 57. Rg5+ 1/2-1/2

[Event "MCRE_SF05"]
[Site "?"]
[Date "2005.??.??"]
[Round "?"]
[White "Bares, Jiri"]
[Black "Kotrc, Michal"]
[Result "0-1"]
[WhiteElo "2174"]
[BlackElo "2131"]
[PlyCount "84"]
[EventDate "2005.??.??"]
[EventType "corr"]
[EventRounds "2"]
[SourceDate "2007.01.10"]

1. d4 Nf6 2. c4 e6 3. Nf3 b6 4. Nc3 Bb7 5. Bg5 h6 6. Bh4 g5 7. Bg3 Nh5 8. e3
Nxg3 9. hxg3 Bg7 10. Bd3 Qe7 11. a3 Nc6 12. g4 O-O-O 13. b4 h5 14. gxh5 g4 15.
Nd2 f5 16. c5 e5 17. Nd5 Qf7 18. Qb3 Kb8 19. O-O-O exd4 20. Nf4 Qf6 21. Nc4 d5
22. cxd6 cxd6 23. Kb1 Ne5 24. exd4 Nxd3 25. Rxd3 Be4 26. Ka2 Rhe8 27. Ne3 Bxd3
28. Nxd3 f4 29. Nc2 f3 30. gxf3 Qxf3 31. Re1 Rxe1 32. Ncxe1 Qe2+ 33. Qc2 Qe4
34. b5 Rc8 35. Qb3 Bxd4 36. Nc2 Bxf2 37. Ncb4 Rf8 38. h6 g3 39. h7 Qxh7 40.
Na6+ Kc8 41. Qe6+ Qd7 42. Qc4+ Kd8 0-1

[Event "MCRE_SF05"]
[Site "?"]
[Date "2005.??.??"]
[Round "?"]
[White "Svrsek, Radomir"]
[Black "Majstr, Jiri"]
[Result "0-1"]
[WhiteElo "2211"]
[BlackElo "2010"]
[PlyCount "20"]
[EventDate "2005.??.??"]
[EventType "corr"]
[EventRounds "2"]
[SourceDate "2007.01.10"]

1. e4 e5 2. Nf3 Nc6 3. Bb5 Nf6 4. O-O Bc5 5. c3 O-O 6. d4 Bb6 7. dxe5 Nxe4 8.
Qd5 Nc5 9. Re1 Ne7 10. Qxd7 Bxd7 0-1

[Event "MCRE_SF05"]
[Site "?"]
[Date "2005.??.??"]
[Round "?"]
[White "Splichal, Josef"]
[Black "Bares, Jiri"]
[Result "1/2-1/2"]
[WhiteElo "2261"]
[BlackElo "2174"]
[PlyCount "127"]
[EventDate "2005.??.??"]
[EventType "corr"]
[EventRounds "2"]
[SourceDate "2007.01.10"]

1. e4 c5 2. c3 Nf6 3. e5 Nd5 4. d4 cxd4 5. Nf3 Nc6 6. cxd4 d6 7. Bc4 e6 8. O-O
Be7 9. Bd2 O-O 10. Nc3 dxe5 11. dxe5 Nb6 12. Bb5 Qc7 13. Qe2 a6 14. Bd3 Nd7 15.
Bf4 Nc5 16. Bb1 Rd8 17. Ne4 b6 18. Nxc5 bxc5 19. Ng5 g6 20. Qg4 Nd4 21. Bd3 Bb7
22. Rfd1 Rd7 23. Qh4 Bxg5 24. Bxg5 Qxe5 25. Bf6 Qd5 26. Qh3 Qd6 27. Qh6 Nf5 28.
Qg5 h6 29. Qg4 Qc6 30. b3 h5 31. Qg5 Nd4 32. Bxg6 Ne2+ 33. Kf1 Qxg2+ 34. Qxg2
Bxg2+ 35. Kxg2 Rxd1 36. Rxd1 Nf4+ 37. Kf3 Nxg6 38. Rd6 Rc8 39. Ke3 c4 40. bxc4
Rxc4 41. Rxa6 Nf4 42. Be5 Nd5+ 43. Kd3 Rc1 44. Kd2 Rb1 45. a4 Kh7 46. Ra8 Kg6
47. Kc2 Re1 48. Bg3 Kf5 49. Rh8 Nf6 50. Rf8 Ra1 51. Kb3 Rb1+ 52. Kc4 Ra1 53.
Kb5 Rb1+ 54. Ka6 Rb4 55. a5 e5 56. Rh8 Nd7 57. Ka7 Ra4 58. a6 Ke6 59. Rxh5 Ra2
60. h4 f6 61. Rh8 Nc5 62. Kb6 Nxa6 63. Ra8 Nb4 64. Rxa2 1/2-1/2

[Event "MCRE_SF05"]
[Site "?"]
[Date "2005.??.??"]
[Round "?"]
[White "Thoma, Otomar"]
[Black "Bares, Jiri"]
[Result "0-1"]
[WhiteElo "2272"]
[BlackElo "2174"]
[PlyCount "128"]
[EventDate "2005.??.??"]
[EventType "corr"]
[EventRounds "2"]
[SourceDate "2007.01.10"]

1. e4 c5 2. Nf3 d6 3. Bb5+ Bd7 4. Bxd7+ Qxd7 5. O-O Nc6 6. c3 Nf6 7. d4 Nxe4 8.
d5 Nd8 9. Re1 Nf6 10. Bg5 Ng8 11. Nbd2 h6 12. Bf4 g5 13. Bg3 Bg7 14. Nc4 Kf8
15. Qd3 f5 16. h3 b5 17. Ncd2 c4 18. Qc2 Nf6 19. Rad1 f4 20. Bh2 Nxd5 21. Nxc4
e6 22. Na5 Rc8 23. Nb3 Nf7 24. Qg6 Re8 25. Qc2 Bf6 26. Nbd4 Nc7 27. a4 bxa4 28.
Ra1 Kg7 29. Rxa4 a6 30. Ra5 Bxd4 31. cxd4 Rb8 32. h4 Rb5 33. Rxb5 axb5 34. h5
Rg8 35. Kh1 Kh8 36. g3 Nd5 37. gxf4 Nxf4 38. Bxf4 gxf4 39. Rg1 Qb7 40. Rxg8+
Kxg8 41. Qg6+ Kf8 42. Kg2 b4 43. Qg4 Qe4 44. Kf1 Ke7 45. Qh4+ Ke8 46. Qg4 Qd3+
47. Kg2 Qb3 48. Nh4 Qd5+ 49. f3 Kd7 50. Qxf4 Qxh5 51. Kf2 Nd8 52. Ng2 Nc6 53.
Ne3 Qg5 54. Qf7+ Qe7 55. Qf4 Qg7 56. Ng4 Qxd4+ 57. Qxd4 Nxd4 58. Nxh6 e5 59.
Ke3 Ke6 60. Ng4 Kd5 61. Nf6+ Kc4 62. f4 exf4+ 63. Kxf4 Kd3 64. Nd5 b3 0-1